000 00502nam a2200169 i 4500
001 51834
003 ES-MaACL
005 20250620063016.0
007 t|
008 030820s1912 fr ||||1| fre d
100 1 _aDarier, Armand,
_d1854-1927
_942715
245 1 0 _aVaccins, sérums et ferments dans la pratique journalière /
_cpar A. Darier.
260 _aParis :
_bOctave Doin et Fils,
_c1912.
300 _aVIII, 472 p. ;
_c23 cm.
852 _aES-MaACL
_jE-870
999 _c51834
_d51834